Datum a čas kvízu
20.5
Celkem bodů
Celkový počet nahraných bodů na tomto kvízu bez doplňovacích otázek.
7.
Pořadí na kvízu
Konečné umístění týmu na tomto kvízu.
Zaznamenané odpovědi
| # | Otázka | Odpověď | Body | Výsledky |
|---|---|---|---|---|
| 1. | Automobilka Škoda v minulém tý... | Laurin & Klement Kampus | 1 | |
| 2. | Vědci představili revoluční zp... | hlavy | 1 | |
| 3. | Jak se nazývá literární festiv... | Svět knihy | 1 | |
| 4. | Vermontská státní univerzita u... | kočkou (kocourem) | 0 | |
| 5. | „Bohužel nemám dobré zprávy. K... | Patrik Kincl | 0 | |
| 6. | Středověk bývá obvykle ohranič... | D | 0 | |
| 7. | Jak se jmenoval významný střed... | Magna Carta (Magna charta libertatum) | 0 | |
| 8. | Na fotografii vidíme sochu prv... | Arnošt z Pardubic | 1 | |
| 9. | Vytvořte z těchto středověkých... | 1C 2A 3B 4D | 0 | |
| 10. | Závěrem tématu se podíváme na... | tulipán | 0 |